000 00602nam a22001937a 4500
003 OSt
005 20140310181711.0
008 121208t xxu||||| |||| 00| 0 eng d
020 _a9715980147
050 _aPN 6110
_b.C227 1996
082 _aFIL 899.21
_bC16 1999
245 _a100 selected poems for young and adult plus 80 nursery rhymes and limericks and famous poems of Dr. Jose Rizal
_cCanonigo, Cristiana S.
260 _aManila :
_b Palinsad Gen. Mdse.,
_cc1996.
300 _aix, 197 p. :
_b ill. ;
_c18 cm.
521 _a
541 _j1
562 _e1
942 _2lcc
_cBK-FIC
_kFIL
999 _c1553
_d1553